| 000 | 00783nam a2200277 a 4500 | ||
|---|---|---|---|
| 008 | |||
| 020 | _a0256079269 (pbk.) | ||
| 049 | _aMAIN | ||
| 090 | _aHG4026 HEL | ||
| 100 | 1 | _aHelfert, Erich A. | |
| 245 | 1 | 0 |
_aTechniques of financial analysis / _cErich A. Helfert. |
| 250 | _a7th ed. | ||
| 260 |
_aHomewood, Ill. : _bIrwin, _c1987. |
||
| 300 |
_axiii, 458 p. : _bill. ; _c23 cm. |
||
| 504 | _aIncludes bibliographical references. | ||
| 500 | _aIncludes index. | ||
| 650 | 0 |
_aCorporations _xFinance. |
|
| 650 | 0 | _aCash flow. | |
| 650 | 0 | _aFinancial statements. | |
| 650 | 0 | _aRatio analysis. | |
| 907 |
_a.b1012357x _b14-02-07 _c29-05-04 |
||
| 003 | |||
| 005 | 20230123133723.0 | ||
| 040 | _cNUST | ||
| 942 |
_cBOOKS _kHG4026 HEL |
||
| 999 |
_c153462 _d153462 |
||